Ecology and practical technology : (Record no. 12211)

000 -LEADER
fixed length control field 00498cam a2200181 a 4500
020 ## - INTERNATIONAL STANDARD BOOK NUMBER
ISBN 9748496244 :
040 ## - CATALOGING SOURCE
Transcribing agency DLC
082 ## - DEWEY DECIMAL CLASSIFICATION NUMBER
Classification number 633 WHI 1994 A040 Or.
100 1# - MAIN ENTRY--AUTHOR NAME
Personal name Tanabe, Shigeharu.
245 10 - TITLE STATEMENT
Title Ecology and practical technology :
Remainder of title peasant farming systems in Thailand /
260 ## - PUBLICATION, DISTRIBUTION, ETC. (IMPRINT)
Place of publication Bangkok ;
-- Cheney :
Name of publisher White Lotus,
Year of publication 1994.
300 ## - PHYSICAL DESCRIPTION
Number of Pages xx, 300 p. :
Other physical details ill., maps ;
Dimensions 24 cm.
650 #0 - SUBJECT ADDED ENTRY--TOPICAL TERM
Topical Term Rice
650 #0 - SUBJECT ADDED ENTRY--TOPICAL TERM
Topical Term Agriculture
650 #0 - SUBJECT ADDED ENTRY--TOPICAL TERM
Topical Term Peasants
650 #0 - SUBJECT ADDED ENTRY--TOPICAL TERM
Topical Term Human ecology
942 ## - ADDED ENTRY ELEMENTS (KOHA)
Koha item type សៀវភៅភាសាអង់គ្លេស
952 ## - LOCATION AND ITEM INFORMATION (KOHA)
Withdrawn status [LOCAL, KOHA] 0
Holdings
Permanent Location Date acquired Koha item type Lost status Shelving location Barcode Current Location Full call number
Library Block A2017-08-11សៀវភៅភាសាអង់គ្លេស A040A11829Library Block A633 WHI 1994 A040 Or.
មជ្ឈមណ្ឌលឯការនៃសាកលវិទ្យាល័យភូមិន្ទកសិកម្មចំការដូង

Powered by Koha